00350nam a2200157Ia 4500003000400000005001700004008004100021040000700062041000800069082001600077100001600093245004000109260002000149300000900169650001400178OSt20251031113109.0250729s2005 xx 000 0 und d cAL aeng a311.22 KAUM aKaul Lokesh aMethodology of educational research aNew Delhic2005 a543p aEducation